Quizzes
Events
Quiz Creation
Community
Videos
Private Events
Remove Ads
Sign In
Join for FREE
Feedback
Dark Mode
Quiz Categories
Sports
Geography
Music
Movies
Television
Just For Fun
Miscellaneous
History
Literature
Language
Science
Gaming
Entertainment
Religion
Holiday
For Kids
Quiz Lab
Recent
Popular Today
Quiz Kudos Today
Editor Picks
Curator Picks
Quizzes by...
Day
Popularity
Type
Ratings
Length
Year
Community
Subscriptions
Recent Discussions
Orange Saloon
Badges
Playlists
Quests
Create
Leaderboards
Showdown
Live 5
Trivia Bingo
Activity
Puzzle Library
Sporcle Events
Private Events
Virtual Trivia
Globe League
Become a Host
Pub Owners
SporcleCon
Opinionation
Our Games
Videos
Blog
Mobile Apps
Partnerships
Remove Ads and Go Orange
Feedback
Sports
Athletes
MLB
NBA
NHL
NFL
Soccer
Sports Teams
WWE
NCAA
Football
Premier League
Basketball
Baseball
Hockey
Golf
Tennis
Cricket
Rugby
Auto Racing
Olympics
World Cup
Sports
Athletes
MLB
NBA
NHL
NFL
Soccer
Sports Teams
WWE
NCAA
Football
Premier League
Basketball
Baseball
Hockey
Golf
Tennis
Cricket
Rugby
Auto Racing
Olympics
World Cup
Random Quiz
Search Sporcle
×
Quiz Lab
Quiz Lab
Sports
2015
Type in answers that appear in a list
Type in answers that appear in a list
Classic
Best Score? Go Orange.
Complete the Card:Elimination Chamber 2015 Stats
Can you Complete the Cards for Elimination Chamber 2015?
By
Cooldog123
10m
30 Questions
45 Plays
45 Plays
45 Plays
Comments
Comments
Give Quiz Kudos
Give Quiz Kudos
-
- Ratings
hide this ad
Replay
Link that replays current quiz
Next Quiz
Link to next quiz in quiz playlist
You Got
0%
They Got
Avg Score
82%
Avg Friend Score
Upgrade to see
Score Distribution
Jump to the score distribution portion of the page
Score
0/30
Timer
10:00
0
Plays Today
H
Answer
% Correct
Tag Team Championship
Big E
95.6%
Tag Team Championship
Xavier Woods
93.3%
Tag Team Championship
Kofi Kingston
93.3%
Singles Match
John Cena
91.1%
Intercontinental Championship
Dolph Ziggler
91.1%
WWE World Heavyweight Championship
Dean Ambrose
91.1%
WWE World Heavyweight Championship
Seth Rollins
91.1%
Divas Championship
Nikki Bella
88.9%
Tag Team Championship
Darren Young
86.7%
Divas Championship
Paige
86.7%
Intercontinental Championship
Ryback
86.7%
Intercontinental Championship
King Barrett
86.7%
Tag Team Championship
Diego
84.4%
Tag Team Championship
Titus O'Neil
84.4%
Tag Team Championship
Cesaro
84.4%
H
Answer
% Correct
Tag Team Championship
Kalisto
84.4%
Tag Team Championship
Sincara
84.4%
Singles Match
Kevin Owens
84.4%
Tag Team Championship
Tyson Kidd
82.2%
Tag Team Championship
Fernando
82.2%
Intercontinental Championship
Sheamus
82.2%
Intercontinental Championship
R-Truth
82.2%
Intercontinental Championship
Mark Henry
82.2%
Tag Team Championship
Viktor
80%
Tag Team Championship
Konnor
80%
Divas Championship
Naomi
73.3%
Singles Match.
Neville
66.7%
Singles Match.
Bo Dallas
57.8%
Singles Match(Pre Show)
Zack Ryder
53.3%
Singles Match(Pre Show)
Stardust
48.9%
Quiz Playlist
Details
Report
Send in Message
Add To Playlist
Classic:
Type in answers that appear in a list
Last Updated: Feb 17, 2017
Quiz Scoreboard
CHALLENGE
Sign Up to Join the Scoreboard
Show All
Scores
Hide
Comments
May contain spoilers
Recently Published
College Basketball Coaching Resumes
by pancakes188
Sports
9m
Billboard Blitz: Fleetwood Mac
by CooCooCachoo
Music
15s
Presidents Visiting Landmarks
by Hejman
History
7m
More to Explore
Quiz From the Vault
Featured Blog Post
Where Did the Easter Bunny Come From?
hide this ad
You Might Also Like...
Tags
2015
card
Chamber
complete
elimination
Elimination Chamber
Today's Top Quizzes in Sports
Browse Sports
hide this ad
Today's Top Quizzes in 2015
Browse 2015
Top Contributed Quizzes in Sports
1
2022 World Cup Stars
2
Les meilleurs buteurs des matchs entre le PSG et l’OM
3
FIFA Club World Cup Champions
4
Les entraîneurs de l'OM et du PSG au 21e siècle
5
Criteria MLB: Left Handed Sluggers
6
AFC Teams Reveal (Wrong Answers Minefield)
7
2023 MLB Unique Player Accomplishments
8
Players with Multiple 50 Home Run Seasons
9
5-to-1: FBS Animal Nicknames
10
5-to-1: UK Sports Teams
Explore More
Trending Topics
Anime
Marvel
Disney
Kpop
Crossword
NBA
Harry Potter
Pokémon
Song
WWE
Puzzle
NFL
The Office
Soccer
Country
hide this ad
More By:
Cooldog123
Quiz
Plays
Rating
Category
Featured
Created
Brazil World Cup 2006 Squad
347
1.00
Sports
Mar 1, 2017
Spain World Cup 2006 Squad
277
Sports
Mar 4, 2017
Pokemon Diamond and Pearl Grab Bag
267
Gaming
Jan 22, 2017
New Day at Royal Rumble
218
5.00
Sports
Mar 29, 2017
Pokemon Moves 70+Power by type
211
5.00
Gaming
Jan 21, 2017
Go to Creator's Profile
Score Distribution
Quiz Creator Spotlight
Cooldog123
Follow
Send a Message
Quizzes Created
-
Created Quiz Play Count
-
More By This Creator
Popular Quizzes Today
1
Find the US States - No Outlines Minefield
2
Find the Countries of Europe - No Outlines Minefield
3
The Countries of the World
4
Find the US States
5
Risky Map Clicking: Biggest States A-Z
6
US States
7
Popular People in 1961
8
Movies - When Are They Set?
More Sports Quizzes
Most Caps By Picture - Wales
Quiz Lab
Trending Quizzes
Risky Map Clicking: Least Populous States A-Z
1-10 Letter G Words
1-10 Letter F Words
Risky Map Clicking: Next State Alphabetically
Risky Map Clicking: Biggest States A-Z
Recently Updated
Leaping Animals
pecheneg
Reality TV Shows (A-Z)
bhenderson79
Rickey Henderson's Hall of Fame Teammates
pecheneg
Champions League XIs: Arsenal
pecheneg
Quick Pick: Celebrities in WWE's Hall of Fame
aduchscher
A-Z Keypad Blitz II
pecheneg
Multiple Oscar Actors
pecheneg
Mystery Phrase Blitz: Oscar 'Best Actors'
pecheneg
F. Scott Fitzgerald Novels
LTH
Pick 3 Villains
ddd62291
Trending Topics
Harry Potter
Crossword
NBA
Anime
Disney
Marvel
Kpop
NFL
The Office
Puzzle
Country
Song
Pokémon
Soccer
WWE
Your Account Isn't Verified!
In order to create a playlist on Sporcle, you need to verify the email address you used during registration. Go to your
Sporcle Settings
to finish the process.
Report this User
Report this user for behavior that violates our
Community Guidelines
.
Details:
Send Report
Go to the Sporcle.com Mobile Site →
Comments